| 000 | 00613nam a22001937a 4500 | ||
|---|---|---|---|
| 005 | 20251108164123.0 | ||
| 008 | 250721s1993 xx 000 0 ara d | ||
| 082 | 1 | 4 | _a218,32/شال |
| 100 | 1 | _aالشال، سيد أحمد | |
| 245 | 1 | 0 | _aدعاء الأنبياء و الصالحين في القرآن الكريم / |
| 264 | 1 |
_aالقاهرة : _bمؤسسة الخليج العربي، _c1993. |
|
| 300 | _a126ص | ||
| 650 | 1 | 7 | _aالإسلام |
| 650 | 1 | 7 | _aالشعائر |
| 650 | 1 | 7 | _aالأدعية الإسلامية |
| 700 | 1 | _aحسين، عبد القادر | |
| 942 |
_2ddc _cBK |
||
| 999 |
_c4116 _d4116 |
||